| 000 | 00864cam a2200205 4500 | ||
|---|---|---|---|
| 001 | ##L133161 | ||
| 008 | 060418n2006 000 0 eng u | ||
| 020 | _a0110741161 | ||
| 035 | _a(Sirsi) u133161 | ||
| 041 | 0 | _aeng | |
| 245 | 0 | 4 | _aThe Council Tax and Non-Domestic Rating (Demand Notices) (Amendment) (England) Regulations 2006 |
| 260 |
_aLondon _bTSO _c2006 |
||
| 490 | 0 |
_aSI _v2006: 492 |
|
| 520 | _aAmends the Council Tax and Non-Domestic Rating (Demand Notices) (England) Regulations 2003 in relation to non-domestic rating demand notices only. | ||
| 590 | _aIKA250406 | ||
| 650 | 2 | 4 | _aCOUNCIL TAX AND NON-DOMESTIC RATING (DEMAND NOTICES) (ENGLAND) REGULATIONS 2003 |
| 690 | _aPROPERTY-PROPERTY TAXATION | ||
| 856 | 4 | 0 |
_uhttps://www.opsi.gov.uk/si/si2006/20060492.htm _zView the Statutory Instrument free of charge at www.opsi.gov.uk... |
| 942 | _n0 | ||
| 999 |
_c105340 _d105340 |
||